[Event "Cappelle Online Bullet op"]
[Site "Europe Echecs INT"]
[Date "2021.03.05"]
[Round "11"]
[White "Grabowski, Marek"]
[Black "Riquembourg, Julien"]
[Result "0-1"]
[WhiteElo "1827"]
[BlackElo "1694"]
[PlyCount "80"]
[EventDate "2021.03.05"]
[EventType "swiss (blitz)"]
[EventRounds "15"]
[EventCountry "FRA"]
[SourceTitle "EXT 2022"]
[Source "ChessBase"]
[SourceDate "2021.10.06"]
[SourceVersion "1"]
[SourceVersionDate "2021.10.06"]
[SourceQuality "1"]

1. e4 e6 2. Nf3 d5 3. e5 c5 4. b4 Nc6 5. bxc5 Bxc5 6. d4 Bb6 7. c3 Nge7 8. Bd3 Bd7 9. 0-0 Rc8 10. Be3 a6 11. Nbd2 Na5 12. Rc1 Nc4 13. Nxc4 dxc4 14. Bb1 Nd5 15. Qc2 Qe7 16. Bg5 f6 17. exf6 gxf6 18. Be3 Ba5 19. Bd2 Qa3 20. Rce1 Kf7 21. Bc1 Qa4 22. Bd2 Qxc2 23. Bxc2 Bxc3 24. Bxc3 Nxc3 25. Re3 Nd5 26. Re2 h6 27. h3 Rhe8 28. Rfe1 Nc3 29. Re3 Nd5 30. R3e2 b5 31. Nh2 b4 32. Ng4 h5 33. Nh2 a5 34. Be4 a4 35. Bxd5 exd5 36. Rxe8 Rxe8 37. Rb1 b3 38. axb3 axb3 39. Nf3 Rb8 40. Nd2 Bf5 0-1

[Event "Cappelle Online Bullet op"]
[Site "Europe Echecs INT"]
[Date "2021.03.05"]
[Round "1"]
[White "Riquembourg, Julien"]
[Black "Savina, Anastasia"]
[Result "0-1"]
[WhiteElo "1694"]
[BlackElo "2333"]
[PlyCount "72"]
[EventDate "2021.03.05"]
[EventType "swiss (blitz)"]
[EventRounds "15"]
[EventCountry "FRA"]
[SourceTitle "EXT 2022"]
[Source "ChessBase"]
[SourceDate "2021.10.06"]
[SourceVersion "1"]
[SourceVersionDate "2021.10.06"]
[SourceQuality "1"]

1. d4 Nf6 2. Nf3 g6 3. Bg5 Bg7 4. Nbd2 0-0 5. c3 b6 6. e4 Bb7 7. Bd3 d6 8. 0-0 Nbd7 9. Qe2 e5 10. d5 Nc5 11. Bc2 a5 12. a4 Ba6 13. c4 Qe8 14. b3 Nh5 15. Be3 Nf4 16. Bxf4 exf4 17. Rfe1 Bxa1 18. Rxa1 Nd7 19. Re1 Ne5 20. Nxe5 Qxe5 21. g3 Rae8 22. Qg4 f5 23. Qe2 fxg3 24. hxg3 f4 25. g4 Qg5 26. f3 h5 27. Qg2 hxg4 28. Qxg4 Qxg4+ 29. fxg4 g5 30. Kg2 Bc8 31. Kf3 Rf7 32. Rg1 Rh7 33. Nf1 Rh4 34. Bd1 Kg7 35. Be2 Reh8 36. Rg2 Rh3+ 0-1